Mini Nurikabe Puzzle XIV Quiz Stats

 Plays Quiz Updated May 31, 2019

Support Sporcle.
Go Orange.
Score 0/13 Timer 03:00
4 Plays Today
% Correct
???
80.7%
???
79.3%
???
77.6%
???
73.8%
???
72.3%
???
71.7%
???
71.6%
???
71%
???
70.6%
???
69.2%
???
69.1%
???
66.4%
???
65.8%

You're not logged in!

Compare scores with friends on all Sporcle quizzes.
OR
Log In

From the Vault

Countries of the Danube

by gnatural

How many countries Danube name?
Remove Ads.
Support Sporcle.
Get the best of Sporcle when you Go Orange. This ad-free experience offers more features, more stats, and more fun while also helping to support Sporcle. Thank you for becoming a member.

Show Comments

Extras

Top Quizzes Today


Score Distribution

Your Account Isn't Verified!

In order to create a playlist on Sporcle, you need to verify the email address you used during registration. Go to your Sporcle Settings to finish the process.

Report this User

Report this user for behavior that violates our Community Guidelines.

Details: